| 000 -LEADER |
| fixed length control field |
00788pab a2200169 454500 |
| 008 - FIXED-LENGTH DATA ELEMENTS--GENERAL INFORMATION |
| fixed length control field |
180718b2000 xxu||||| |||| 00| 0 eng d |
| 100 ## - MAIN ENTRY--PERSONAL NAME |
| Personal name |
Panchamukhi, P.R. |
| 245 ## - TITLE STATEMENT |
| Title |
Social impact of economic reforms in India: a critical appraisal |
| 260 ## - PUBLICATION, DISTRIBUTION, ETC. |
| Date of publication, distribution, etc. |
2000 |
| 300 ## - PHYSICAL DESCRIPTION |
| Extent |
p.836-47 |
| 362 ## - DATES OF PUBLICATION AND/OR SEQUENTIAL DESIGNATION |
| Dates of publication and/or sequential designation |
4 Mar |
| 520 ## - SUMMARY, ETC. |
| Summary, etc. |
Focusing on the impact of economic reforms on the social sector in India by comparing the data of the pre-reform period and the reform period, the paper notices a declining trend in the budgetary allocations of both the central and state governments for various sub-sectors of the social sector, especially health and education. - Reproduced |
| 650 ## - SUBJECT ADDED ENTRY--TOPICAL TERM |
| Topical term or geographic name entry element |
Economic reform - India |
| 650 ## - SUBJECT ADDED ENTRY--TOPICAL TERM |
| Topical term or geographic name entry element |
Economic reform |
| 773 ## - HOST ITEM ENTRY |
| Main entry heading |
Economic and Political Weekly |
| 909 ## - |
| -- |
44075 |